| 000 | 00998nam a22002177a 4500 | ||
|---|---|---|---|
| 005 | 20250327122619.0 | ||
| 008 | 250327b |||||||| |||| 00| 0 eng d | ||
| 020 | _a978-81-7309-341-8 (pbk) | ||
| 037 | _cTB | ||
| 040 |
_aCRL _cCRL |
||
| 041 |
_2hin _ahin |
||
| 084 |
_aO152:g(Y5927) R1 _qCRL |
||
| 100 | _aसंतोषी, हरकिशन | ||
| 245 |
_aदलितों के दलित: _bस्थिति, परिस्थिति और संभावनाएं |
||
| 260 |
_aनई दिल्ली, भारत: _bसस्ता साहित्य मण्डल प्रकाशन, _c2021 |
||
| 300 | _a339पृ0 | ||
| 365 |
_b200.00 _cINR |
||
| 650 | _aदलित साहित्य | ||
| 942 |
_2CC _cTB _hO152:g(Y5927) R1 _n0 |
||
| 999 |
_c1308234 _d1308234 |
||